Multiagent systems

Պահպանված է:
Մատենագիտական մանրամասներ
Հիմնական հեղինակ: Weiss, Gerhard
Ձևաչափ: Գիրք
Հրապարակվել է: The MIT Press
Ցուցիչներ: Ավելացրեք ցուցիչ
Չկան պիտակներ, Եղեք առաջինը, ով նշում է այս գրառումը!

MARC

LEADER 00000nam a2200000Ia 4500
005 20260515061616.0
100 |a Weiss, Gerhard 
020 |a 9780262533874 
942 |c BK 
245 |a Multiagent systems  
260 |b The MIT Press 
999 |c 37  |d 37 
952 |0 0  |1 0  |4 0  |7 0  |a ABDN  |b ABDN  |d 2026-05-15  |l 0  |p 000096  |r 2026-05-15 06:16:16  |w 2026-05-15  |y BK